|
|
|
|
| LEADER |
00752nam a22002051 4500 |
| 001 |
c000210396 |
| 003 |
CARM |
| 005 |
20021125002200.0 |
| 008 |
870210s1976 gw 1 rus d |
| 019 |
1 |
|
|a 5231437
|z 9843414
|5 LACONCORD2021
|
| 035 |
|
|
|a (OCoLC)2302088
|5 LACONCORD2021
|
| 100 |
1 |
|
|a Remizov, Alekseĭ,
|d 1877-1957.
|
| 245 |
1 |
0 |
|a Dokuka i balagur'e.
|
| 260 |
|
|
|a Munchen :
|b W. Fink,
|c 1976.
|
| 440 |
|
0 |
|a Slavische Propyläen ;
|v Bd. 122
|
| 500 |
|
|
|a Nachdruck der Ausgabe Petersburg 1914.
|
| 852 |
8 |
|
|b CARM
|h A2:AL04A0
|i A03131
|p 0287570
|f BK
|
| 082 |
0 |
4 |
|a 891.733
|
| 999 |
f |
f |
|i 54d909f3-a4ab-56da-98fd-25d82c50d2b7
|s 9f7bc5b5-9e1b-5926-8d6d-51be99aeaafa
|
| 952 |
f |
f |
|p Can circulate
|a CAVAL
|b CAVAL
|c CAVAL
|d CARM 1 Store
|e A03131
|f A2:AL04A0
|h Other scheme
|i book
|m 0287570
|